=LDR 00000nam 2200000 4500 =001 INLIS000000000049828 =005 20170404092257.0 =006 =007 =008 =020 ##$$a 978-979-17857-2-3 =035 ##$$0010-041700000000018 =040 ##$$a NBPDMAT =082 ##$$a 370.959 865 5 =090 ##$$a 370.959 865 5 $bNur p =100 ##$$a Nurrahman =245 ##$$a Potret buram pendidikan daerah miskin di Indonesia $b : Bercermin dari Dompu Nusa Tenggara Barat $c / Nurrahman; Editor, Mukhlis; Mumma Leon; Nurhilaliati =250 ##$$a Cet. 1 =260 ##$$a Mataram $b Lentera $c 2014 =300 ##$$a viii, 290 hlm. : $b ilus. ; $c 24 cm =500 ##$$a Bibliografi hlm : 282 - 290 =650 ##$$a Pendidikan - Dompu =700 ##$$a Mukhlis Muma Leon =700 ##$$a Nurhilaliati =850 ##$$a NBPDMAT =990 ##$$a 21604365 =990 ##$$a 21604366 =990 ##$$a 21604367 =990 ##$$a 21604368 =990 ##$$a 21604369 =990 ##$$a 073/46/2017 =990 ##$$a 21604366 =990 ##$$a 21604367 =990 ##$$a 21604368 =990 ##$$a 21602801/BPAP-NTB/2017 =990 ##$$a 073/46/2017 =990 ##$$a 073/46/2017 =990 ##$$a 21604367 =990 ##$$a 21604368 =990 ##$$a 21602801/BPAP-NTB/2017 =990 ##$$a 073/46/2017 =990 ##$$a 073/46/2017 =990 ##$$a 073/46/2017 =990 ##$$a 21604368 =990 ##$$a 21602801/BPAP-NTB/2017 =990 ##$$a 073/46/2017 =990 ##$$a 073/46/2017 =990 ##$$a 073/46/2017 =990 ##$$a 073/46/2017 =990 ##$$a 21602801/BPAP-NTB/2017 =990 ##$$a 073/46/2017 =990 ##$$a 073/46/2017 =990 ##$$a 073/46/2017 =990 ##$$a 073/46/2017 =990 ##$$a 21602801/BPAP-NTB/2017 =990 ##$$a 073/46/2017 =990 ##$$a 073/46/2017 =990 ##$$a 073/46/2017 =990 ##$$a 073/46/2017 =990 ##$$a 21602801/BPAP-NTB/2017 =990 ##$$a 073/46/2017 =990 ##$$a 073/46/2017 =990 ##$$a 073/46/2017 =990 ##$$a 073/46/2017 =990 ##$$a 21602801/BPAP-NTB/2017 =990 ##$$a 073/46/2017 =990 ##$$a 073/46/2017 =990 ##$$a 073/46/2017 =990 ##$$a 073/46/2017 =990 ##$$a 21602801/BPAP-NTB/2017 =990 ##$$a 073/46/2017 =990 ##$$a 073/46/2017 =990 ##$$a 073/46/2017 =990 ##$$a 073/46/2017 =990 ##$$a 21602801/BPAP-NTB/2017 =990 ##$$a 073/46/2017 =990 ##$$a 073/46/2017 =990 ##$$a 073/46/2017 =990 ##$$a 073/46/2017 =990 ##$$a 073/46/2017